[Event "DEN-chT Xtracon 2017-18"]
[Site "Denmark"]
[Date "2017.12.03"]
[Round "3.1"]
[White "Teplyi, Igor"]
[Black "Andersen, Mads"]
[Result "1/2-1/2"]
[WhiteElo "2412"]
[BlackElo "2594"]
[Annotator "TA"]
[PlyCount "73"]
[EventDate "2017.??.??"]
[EventType "team-tourn"]
[EventCountry "DEN"]
[SourceTitle "playchess.com"]
[Source "ChessBase"]
[SourceQuality "1"]

{[%evp 19,73,47,55,17,31,28,25,14,39,32,35,20,39,-7,13,0,0,0,0,0,0,0,30,0,18,0,-28,-68,-52,-26,-8,0,0,0,0,0,58,43,83,66,153,147,142,116,203,200,263,245,406,417,508,93,103,79,203,67]} 1. d4 Nf6 2. c4 g6 3. Nc3 Bg7 4. e4 d6 5. Nf3 {[%cal Bg1f3,Bf3d2,Bd2b3][%mdl 32]} O-O 6. Be2 e5 7. O-O Nc6 8. d5 Ne7 9. Bg5 Ne8 10. Nd2 f5 {LiveBook: 6 Games} 11. exf5 {E97: King's Indian: Classical Main Line (6...e5 7 0-0 Nc6): 8 Be3 and 8 d5 Ne7, not 9 Ne1} gxf5 12. f4 e4 13. Nb3 $146 {White has an edge.} ({Predecessor:} 13. Kh1 Nf6 14. Re1 Ng6 15. Bh5 h6 16. Bxf6 Qxf6 17. g3 c5 18. Nf1 Kh7 {1-0 (35) Ashley,M (2460)-Gabriel,C (2535) New York 1995}) 13... Nf6 14. Bh4 Ng6 15. Be1 Qe7 16. a4 Bd7 17. a5 c5 18. dxc6 bxc6 19. Nd4 Rab8 20. Rb1 h5 21. Nc2 h4 22. Bf2 Nxf4 23. Bxa7 Ra8 24. Bb6 Bh6 {White should prevent ...c5.} 25. Be3 Nxe2+ 26. Nxe2 Bxe3+ 27. Nxe3 Rxa5 (27... Qe5 $11) 28. Qe1 $36 {[%mdl 2048] White has the initiative.} Re5 29. Qxh4 Qg7 ({Black should try} 29... Ng4 $14 30. Qg3 Qg7) 30. Rbd1 $16 d5 31. Nf4 dxc4 (31... Rf7 $16 {is a better defense.}) 32. Rd6 $18 Rc5 33. Rfd1 {Black must now prevent Rxd7!} c3 $2 (33... Re5 34. Rxf6 (34. Nxc4 Re7 $18) 34... Qxf6 35. Qg3+ Qg7) 34. bxc3 $1 Rxc3 {[#]} 35. Nh5 $2 (35. Rxd7 $1 $18 {[%mdl 512] and the rest is easy.} Nxd7 36. Ne6) 35... Nxh5 $16 36. Rxd7 Qg6 (36... Qh6 $16 {was necessary.} 37. Nf1 Qg6) 37. R1d6 {Precision: White = 56%, Black = 29%.} (37. R7d6 $18 Rf6 38. Rd8+ Kg7 39. R1d7+ Rf7 40. Rd6 Rc1+ 41. Kf2) 1/2-1/2

[Event "DEN-chT Xtracon 2017-18"]
[Site "Denmark"]
[Date "2017.12.03"]
[Round "3.1"]
[White "Pedersen, Jan"]
[Black "Thybo, Jesper Sondergaard"]
[Result "0-1"]
[WhiteElo "2396"]
[BlackElo "2472"]
[Annotator "TA"]
[PlyCount "68"]
[EventDate "2017.??.??"]
[EventType "team-tourn"]
[EventCountry "DEN"]
[SourceTitle "playchess.com"]
[Source "ChessBase"]
[SourceQuality "1"]

{[%evp 14,68,0,-10,0,-3,12,7,-2,-9,-8,-14,-11,-16,-10,-18,-12,-13,-10,-15,-15,-28,-12,-18,-7,-14,0,0,-5,0,0,0,0,0,0,0,2,3,25,25,33,43,54,50,46,-75,-74,-76,-76,-76,-76,-76,-73,-631,-626,-578,-564]} 1. e4 e5 2. Nc3 Nc6 3. g3 Nf6 4. Bg2 Bc5 5. Nge2 O-O 6. O-O a6 7. h3 {C26: Vienna Game: 2...Nf6, sidelines} d6 8. Kh2 {LiveBook: 8 Games} Nd4 9. Nxd4 $146 {The position is equal.} ({Predecessor:} 9. f4 c6 10. d3 exf4 11. Nxf4 Ne6 12. Nxe6 fxe6 13. d4 Bb6 14. Bf4 Qe7 {½-½ (56) Arnason,J (2525)-Ernst,T (2570) Ostersund 1992}) 9... exd4 10. Ne2 Re8 11. d3 d5 $1 {[%cal Rd5e4]} 12. exd5 Nxd5 13. Nf4 Nf6 14. Bd2 c6 15. Nh5 Nd5 16. Nf4 (16. Re1 {looks sharper.} Be6 17. Qf3 Qd7 18. a3 Bf5 19. Nf4) 16... Nxf4 17. Bxf4 Qb6 18. Rb1 a5 19. Re1 Be6 20. c4 Bf5 {aiming for ...Rxe1.} 21. Qc2 Bb4 22. Rxe8+ Rxe8 23. a3 $36 {[%mdl 2048] White fights for an advantage.} Bf8 24. b4 axb4 25. axb4 Qa7 26. b5 Qa3 27. Rb3 Qa4 {With the idea ...cxb5.} 28. bxc6 bxc6 29. Be4 (29. g4 $14 {keeps the upper hand.} Bg6 30. Qb1) 29... Bxe4 $17 30. dxe4 c5 31. f3 {[#]} g5 $1 {[%mdl 512]} 32. Bxg5 Rb8 $1 {[%cal Rb8b3]} 33. Rc3 $2 {[%mdl 8192] [#]} (33. Rb2 $17 Rxb2 34. Qxb2) 33... Qa1 $1 $19 34. Rb3 {[#]} d3 $1 {[%mdl 512] Precision: White = 58%, Black = 64%.} 0-1

[Event "DEN-chT Xtracon 2017-18"]
[Site "Denmark"]
[Date "2017.12.03"]
[Round "3.1"]
[White "Lindgren, Philip"]
[Black "Hansen, Sune Berg"]
[Result "1/2-1/2"]
[WhiteElo "2382"]
[BlackElo "2580"]
[Annotator "TA"]
[PlyCount "113"]
[EventDate "2017.??.??"]
[EventType "team-tourn"]
[EventCountry "DEN"]
[SourceTitle "playchess.com"]
[Source "ChessBase"]
[SourceQuality "1"]

{[%evp 18,113,49,47,48,40,52,53,50,47,46,43,43,50,52,40,49,47,55,54,58,58,58,48,59,66,61,52,58,58,57,44,60,39,59,42,58,35,39,39,56,46,87,87,84,60,85,87,96,61,87,48,44,0,48,48,96,96,96,96,96,96,96,0,96,96,87,87,87,87,87,87,87,87,96,87,87,87,116,116,122,50,219,60,304,105,170,170,170,170,170,155,170,170,171,171,224,224]} 1. d4 Nf6 2. c4 e6 3. Nf3 d5 4. g3 Bb4+ 5. Bd2 Bd6 6. Nc3 O-O 7. Bg2 Nbd7 8. b3 c6 9. O-O b6 {E01: Catalan: Early deviations} 10. e4 {LiveBook: 6 Games} dxe4 11. Ng5 Bb7 {White is slightly better.} 12. Ngxe4 Be7 13. Be3 $146 ({Predecessor:} 13. Qc2 Nxe4 14. Nxe4 c5 15. dxc5 f5 16. Nc3 Bxg2 17. Kxg2 Nxc5 {½-½ (47) Svane,R (2581)-Kollars,D (2510) Apolda 2017}) 13... Nxe4 14. Nxe4 Nf6 15. Rc1 Qd7 16. Qf3 Rfd8 17. Rfd1 Rac8 18. h4 {[%cal Bh2h4,Bh4h5,Bh5h6][%mdl 32]} Qe8 19. Nxf6+ Bxf6 20. h5 Qe7 21. h6 g6 22. c5 b5 $1 23. Qe4 Rd7 24. Rd2 a5 25. f4 Re8 26. Bf3 Bh8 27. Kg2 Qf8 28. Rh1 Red8 29. Bf2 Qe7 30. g4 {[%cal Bg3g4,Bg4g5][%mdl 32]} Bf6 31. Rhd1 Qf8 32. g5 Bh8 33. Bg4 Qe7 34. Re2 Rd5 35. Red2 Bc8 36. Qe3 Bb7 37. Bf3 R5d7 38. a3 Re8 39. Re1 Qd8 40. Red1 (40. a4 $16) 40... Ree7 (40... Qe7 $1 $11 {keeps the balance.}) 41. Be4 Re8 42. Rd3 Qa8 43. Bf3 Qd8 44. Qd2 Ba8 45. Be1 Ra7 46. Qe2 a4 47. b4 Rd7 48. Bc3 Bb7 49. Bb2 ({White should try} 49. Re3 $16) 49... Qe7 $2 (49... f6 $14) 50. Kf2 $2 ({Only move:} 50. Re3 $18) 50... Red8 $2 {[#]} ({Black should play} 50... f6 $14) 51. Ke1 $2 (51. d5 $1 $18 {[%cal Rd5c6][%mdl 512]} exd5 (51... cxd5 52. Bxh8) 52. Re3 Qxe3+ 53. Qxe3 Bxb2 54. Bg4) 51... Rd5 (51... Rf8 $16) 52. Bxd5 $18 {White is clearly better.} Rxd5 53. Kd2 {[%cal Be1d2,Bd2c1,Bc1b2][%mdl 32]} Bc8 54. Kc1 Qd8 55. Bc3 Qf8 56. Qe3 f5 (56... f6 {was called for.} 57. Rg1 fxg5) 57. Kb2 {Precision: White = 58%, Black = 39%.} 1/2-1/2

[Event "DEN-chT Xtracon 2017-18"]
[Site "Denmark"]
[Date "2017.12.03"]
[Round "3.2"]
[White "Rasmussen, Allan Stig"]
[Black "Matthiesen, Martin"]
[Result "1-0"]
[WhiteElo "2540"]
[BlackElo "2307"]
[Annotator "TA"]
[PlyCount "71"]
[EventDate "2017.??.??"]
[EventType "team-tourn"]
[EventCountry "DEN"]
[SourceTitle "playchess.com"]
[Source "ChessBase"]
[SourceQuality "1"]

{[%evp 22,71,0,0,58,50,68,67,74,65,84,53,116,110,142,139,129,125,125,122,204,127,156,173,162,145,228,245,236,206,251,259,250,251,251,198,370,304,307,316,670,282,274,286,288,284,298,277,356,349,1015,997]} 1. e4 e5 2. Nf3 Nc6 3. Bb5 a6 4. Ba4 Nf6 5. O-O Be7 6. Re1 b5 7. Bb3 O-O 8. a4 b4 9. d4 d6 10. dxe5 dxe5 11. Bg5 {C88: Closed Ruy Lopez: Anti-Marshall Systems} Qxd1 12. Rxd1 {LiveBook: 3 Games} Bg4 $146 (12... Nxe4 $11 13. Bxe7 Nxe7) ({Predecessor:} 12... Nxe4 13. Bxe7 Nxe7 14. Nxe5 Nc5 15. Nd2 Nxb3 16. Nxb3 f6 17. Nd7 Re8 18. Na5 Nf5 {0-1 (58) Giri,A (2732)-Aronian,L (2801) Antalya 2013}) 13. Nbd2 $14 {[%cal Bb1d2,Bd2b3,Bb3a5,Ba5c6][%mdl 32] White is slightly better.} Rae8 14. Bc4 Bc8 15. Nb3 Bd6 16. Nfd2 Nd8 (16... Nd4 $14) 17. f3 Ne6 18. Be3 Nd7 19. Bd5 Ndc5 20. Na5 Bd7 (20... Nd4 $16 {might work better.}) 21. Bc6 Be7 22. Ndc4 Bxc6 23. Nxc6 b3 (23... f6 $16 24. N4a5 (24. Nxb4 Nb3 $16) 24... Bd6) 24. Rd5 $18 Bd6 25. c3 f6 26. Nxd6 cxd6 27. Rxd6 Rf7 28. a5 {aiming for Nb4.} Ra8 $2 {[#]} (28... Nb7 {is a better defense.} 29. Rd5 Nc7) 29. Ra3 Rb7 30. Nb4 Kf8 $2 (30... Rbb8 31. Nd5 Kf7) 31. Nd5 (31. Rc6 $142) 31... Rc8 32. Kf1 Kf7 33. Ke2 h5 34. Nb4 Ke7 35. Rb6 Ra7 $2 {[#]} (35... Rd7 36. Ra1 Nf4+ 37. Bxf4 exf4) 36. Nc6+ {Precision: White = 70%, Black = 30%.} 1-0

[Event "DEN-chT Xtracon 2017-18"]
[Site "Denmark"]
[Date "2017.12.03"]
[Round "3.2"]
[White "Schandorff, Lars"]
[Black "Haubro, Martin"]
[Result "1/2-1/2"]
[WhiteElo "2490"]
[BlackElo "2297"]
[Annotator "TA"]
[PlyCount "104"]
[EventDate "2017.??.??"]
[EventType "team-tourn"]
[EventCountry "DEN"]
[SourceTitle "playchess.com"]
[Source "ChessBase"]
[SourceQuality "1"]

{[%evp 17,104,26,28,28,30,14,50,59,33,22,46,25,25,38,60,21,11,18,30,23,30,31,54,54,57,51,70,51,77,45,59,45,47,45,57,0,0,0,0,0,0,-39,12,0,40,41,51,44,90,92,85,85,79,0,0,0,-8,-9,-9,-18,0,-62,-75,-95,-24,-80,-80,-83,-67,-77,-74,-129,-122,-120,0,0,0,-8,0,0,0,0,0,0,0,0,0,0,0]} 1. d4 Nf6 2. Nf3 e6 3. c4 Bb4+ 4. Bd2 c5 5. Bxb4 cxb4 6. e3 O-O 7. Be2 d6 8. O-O a5 {E11: Bogo-Indian} (8... Nc6 9. Nbd2 e5 10. d5 Nb8 11. Ne1 a5 12. a3 Na6 13. Nc2 Bf5 14. axb4 Bxc2 15. Qxc2 Nxb4 16. Qc3 b6 17. e4 {½-½ (68) Wang,H (2734)-Moiseenko,A (2648) Almaty 2016}) 9. a3 Na6 {LiveBook: 13 Games} 10. Ne1 e5 {White has an edge.} 11. Nc2 $146 ({Predecessor:} 11. axb4 Nxb4 12. Nc2 Qb6 13. Nxb4 Qxb4 14. Qd2 Qxd2 15. Nxd2 Re8 16. Bf3 {½-½ (47) Krupenski,J (2294)-Kockum,A (2366) Sweden 2014}) 11... b3 12. Ne1 a4 13. Nc3 Qa5 14. Nb5 Rd8 15. Nf3 Bg4 16. Rc1 Nc7 {[%cal Ba6c7,Bc7e6,Be6d4,Bd4c2][%mdl 32]} 17. Nc3 Ne6 18. h3 Bxf3 19. Bxf3 exd4 20. exd4 Qb6 21. Re1 Re8 22. Re3 Nxd4 {[#]} 23. Bxb7 $1 {[%mdl 512]} Nc2 (23... Qxb7 24. Qxd4) 24. Bxa8 Nxe3 25. Qd3 Rxa8 26. Qxe3 (26. fxe3 $14 Re8 27. Qd4) 26... Qxe3 $11 27. fxe3 $14 {[%mdl 4096] Endgame KRN-KRN} Kf8 28. Kf2 Nd7 29. Rd1 Ra6 (29... Nb6 $15) 30. Rd4 Nc5 31. Ke2 Ke7 32. Nd5+ Kd7 33. Rf4 f6 34. Rg4 Ne6 35. Nf4 (35. Re4 $16 Rc6 36. Kd2) 35... f5 $11 36. Rg3 g6 37. Nxe6 Kxe6 {KR-KR} 38. Kd3 Ke5 39. Kc3 (39. Rf3 $11) 39... Ke4 $15 {And now ...Rc6 would win.} 40. Rf3 Ra8 (40... Rb6 $1 $17) 41. h4 (41. Kb4 $11 {remains equal.}) 41... h6 $1 $17 {[%cal Bh7h6,Bh6g5,Bg5g4][%mdl 32]} 42. Kb4 g5 $1 43. hxg5 hxg5 44. Rf1 {[#]} ({Better is} 44. Rf2) 44... g4 $1 45. Rf4+ {[#]} Kxe3 (45... Kd3 $1 $17 46. Rxf5 g3) 46. Rxf5 $11 {The position is equal.} Kd2 {aiming for ...g3.} 47. Rf2+ Kc1 48. g3 $1 Kb1 49. Rd2 Ka2 50. Kb5 Rc8 51. Kb4 ({Don't blunder} 51. Kxa4 $2 Rxc4+ 52. Kb5 Rc2 $19) 51... Rc7 52. Kb5 ({Not} 52. Kxa4 $2 Rxc4+ 53. Kb5 Rc2 $19) 52... Rc8 {Precision: White = 60%, Black = 69%.} 1/2-1/2

[Event "DEN-chT Xtracon 2017-18"]
[Site "Denmark"]
[Date "2017.12.03"]
[Round "3.2"]
[White "Ochsner, Bjorn Moller"]
[Black "Petersen, Tom Petri"]
[Result "1/2-1/2"]
[WhiteElo "2459"]
[BlackElo "2293"]
[Annotator "TA"]
[PlyCount "99"]
[EventDate "2017.??.??"]
[EventType "team-tourn"]
[EventCountry "DEN"]
[SourceTitle "playchess.com"]
[Source "ChessBase"]
[SourceQuality "1"]

{[%evp 13,99,73,83,39,72,52,56,32,53,33,64,50,49,31,35,26,51,61,62,12,34,6,0,0,0,0,0,0,0,-7,0,0,0,-2,0,0,-5,-3,-10,-26,0,0,0,0,0,-36,-26,-28,-37,-26,39,46,45,41,37,18,23,0,0,0,0,0,16,0,17,17,10,0,0,0,0,0,0,0,0,0,0,0,14,14,14,14,14,14,14,14,14,14]} 1. e4 c6 2. d4 d5 3. Nc3 dxe4 4. Nxe4 Nf6 5. Nxf6+ gxf6 6. c3 Bf5 7. Nf3 e6 {LiveBook: 175 Games} 8. Nh4 {B16: Caro-Kann: Bronstein-Larsen Variation} Bg6 9. Be3 Nd7 10. Qd2 {White is slightly better.} Qa5 $146 ({Predecessor:} 10... Be7 11. O-O-O Qa5 12. Nxg6 hxg6 13. Kb1 O-O-O 14. h3 f5 {1-0 (53) Zhelnin,V (2489)-Boe Olsen,M (2379) Tula 2000}) 11. Be2 Bg7 12. b4 Qc7 13. O-O O-O 14. Bf4 Qd8 15. Rfd1 Qe7 16. Bf3 Rfd8 17. b5 Ne5 18. Be2 cxb5 19. Bxb5 a6 20. Be2 Rac8 21. Qb2 Nc4 22. Qb3 Na5 23. Qa4 Nc6 24. Nxg6 hxg6 25. Rab1 f5 26. Be3 Qc7 27. Bf3 Na5 28. Bg5 Rd7 29. Rdc1 b5 30. Qd1 $1 Nc4 31. a4 e5 (31... f6 $11 32. axb5 fxg5 33. bxa6 Nd6) 32. axb5 $14 axb5 33. Rxb5 exd4 34. Rb7 Qd6 35. cxd4 {Bf4 is the strong threat.} Rxb7 $1 {The position is equal.} 36. Bxb7 Rc7 37. Bf3 Nb2 38. Qe2 Rxc1+ 39. Bxc1 Qxd4 40. Qe8+ Kh7 {[#] Threatens to win with ...Nd3.} 41. Bxb2 ({Wrong is} 41. Qxf7 $2 Nd3 $19) 41... Qxb2 42. g3 Qb3 43. Kg2 Qe6 44. Qb5 Bd4 45. Qb7 Bf6 46. Bd5 Qe7 47. Qxe7 Bxe7 48. Bxf7 Kg7 49. Be8 g5 50. Bd7 {Precision: White = 49%, Black = 63%.} 1/2-1/2

[Event "DEN-chT Xtracon 2017-18"]
[Site "Denmark"]
[Date "2017.12.03"]
[Round "3.3"]
[White "Rostgaard, Tobias Valentin"]
[Black "Borge, Nikolaj"]
[Result "0-1"]
[WhiteElo "2335"]
[BlackElo "2392"]
[Annotator "TA"]
[PlyCount "47"]
[EventDate "2017.??.??"]
[EventType "team-tourn"]
[EventCountry "DEN"]
[SourceTitle "playchess.com"]
[Source "ChessBase"]
[SourceQuality "1"]

{[%evp 12,47,26,10,14,-12,-12,-28,-31,-47,-26,-32,-14,-56,-58,-67,37,49,45,22,30,0,-22,-51,-52,-178,-166,-302,-277,-293,-291,-541,-558,-561,-554,-536,-525,-729]} 1. d4 d6 2. e4 Nf6 3. Nc3 e5 4. Nge2 Be7 5. h3 exd4 6. Nxd4 O-O {C41: Philidor Defence} 7. Be3 {LiveBook: 17 Games} (7. g4 d5 8. e5 Nfd7 9. Nxd5 Nxe5 10. Bg2 Bc5 11. Bf4 c6 12. Bxe5 Re8 13. Nf3 Nd7 14. Ne3 Nxe5 15. Nxe5 {0-1 (25) Ernst,S (2558)-Giri,A (2696) Amsterdam 2012}) 7... d5 8. e5 Ne8 {Threatens to win with ...c5.The position is equal.} 9. Nb3 c6 10. Qd2 Nd7 $146 ({Predecessor:} 10... a5 11. Na4 Nd7 12. f4 Nc7 13. Qf2 f6 14. exf6 Bxf6 {0-1 (24) Kucera,J-Baum,B (2160) Liberec 2005}) 11. f4 a5 {[%cal Ba7a5,Ba5a4][%mdl 32]} 12. O-O-O a4 13. Nd4 Bb4 ({Better is} 13... a3 $1 $15 14. b3 Bb4) 14. a3 $14 Ba5 15. Qf2 c5 16. Nxd5 (16. Nde2 $142 d4 17. Nxd4 cxd4 18. Bxd4) 16... cxd4 $11 17. Bxd4 Nc7 18. c4 {[#]} (18. Nc3 $15) 18... b5 $1 19. Qg3 (19. Kb1 $142) (19. cxb5 Nxd5) 19... Nxd5 $19 20. cxd5 {[#]} Nc5 $1 {[%mdl 512]} 21. e6 $2 (21. Bxc5 Qc7 22. Qe3) 21... Nb3+ {Black is clearly winning.} 22. Kb1 {[%csl Gd4][%cal Rg3g7]} Nxd4 23. Rxd4 {[#]} Bxe6 $1 {[%mdl 512]} 24. Bxb5 {Precision: White = 28%, Black = 78%.} (24. dxe6 Qxd4) 0-1

[Event "DEN-chT Xtracon 2017-18"]
[Site "Denmark"]
[Date "2017.12.03"]
[Round "3.3"]
[White "Rewitz, Poul"]
[Black "Jensen, Bjarke"]
[Result "1-0"]
[WhiteElo "2308"]
[BlackElo "2319"]
[Annotator "TA"]
[PlyCount "67"]
[EventDate "2017.??.??"]
[EventType "team-tourn"]
[EventCountry "DEN"]
[SourceTitle "playchess.com"]
[Source "ChessBase"]
[SourceQuality "1"]

{[%evp 9,67,8,24,20,12,-18,-22,-39,-11,-13,-13,-29,-15,-15,-9,-27,-25,-59,-62,-71,-34,-84,-31,-32,-44,-148,-131,-181,-100,-125,-119,-99,-62,-322,-143,-187,-55,-45,0,-290,186,193,329,334,369,357,713,713,670,646,637,270,313,319,2180,2124,29996,29996,29997,209]} 1. e4 c5 2. Na3 (2. Nc3 d6 3. Nge2 Nf6 4. g3 Nc6 5. Bg2 g6 6. d3 Bg7 7. O-O O-O 8. h3 e6 9. Be3 b6 10. Qd2 d5 11. Bh6 Bxh6 12. Qxh6 Nd4 13. exd5 Nxe2+ 14. Nxe2 exd5 15. Rfe1 Bb7 16. g4 {0-1 (57) Carlsen,M (2837)-Ding,L (2774) Saint Louis 2017}) 2... Nc6 3. Bb5 Nf6 4. d3 Qc7 5. Nf3 a6 6. Bxc6 $1 {B31: Sizilianisch (Rossolimo-Variante)} Qxc6 7. Nc4 $146 ({Vorgänger:} 7. O-O b5 8. c4 Bb7 9. Bg5 d6 {1-0 (32) Bauer,C (2644)-Renet,O (2520) Switzerland 2016}) 7... b5 8. Ne3 {Die Stellung ist ausgeglichen.} Bb7 9. O-O e6 10. Re1 Be7 11. b3 O-O 12. Bb2 d5 13. e5 Nd7 14. d4 c4 15. h4 Rfc8 (15... Nb6 $17) 16. Ng5 $1 $15 h6 17. Qh5 (17. Nh3 $15) 17... hxg5 $17 18. hxg5 c3 ({Besser ist} 18... Nf8 $19 {...Sg6 ist eine echte Drohung.} 19. f4 Qe8) 19. Bc1 {[#]} Nxe5 $1 {[%mdl 512]} 20. f4 (20. dxe5 d4) 20... Ng6 {Droht stark ...Ld6.} 21. Ng4 $2 {[%mdl 8192]} (21. f5 $15) 21... Bd6 (21... a5 $19 {und Schwarz behält klar die Oberhand. Und ...a4 würde nun gewinnen.} 22. Kf2 a4) 22. Rxe6 fxe6 (22... Nxf4 {[#]} 23. Nf6+ $1 {[%mdl 512]} gxf6 24. Bxf4 $1 $16 {[%mdl 512]}) ({Lieber} 22... Re8 $1 $19 {[%cal Re8e6]} 23. Rxg6 fxg6 24. Qxg6 Kf8 25. Qf5+ Ke7) 23. Qxg6 $15 Kf8 24. Nf6 $2 {[%mdl 8192]} (24. Ne5 $11 Bxe5 25. fxe5) 24... Be7 $4 {[%mdl 8192]} (24... gxf6 $19 25. gxf6 Qd7) 25. Nh5 $18 Rc7 (25... e5 $142 26. Qxg7+ Ke8) 26. Nxg7 Bc8 27. Qh6 {zielt auf f5 ab.} Kg8 $2 (27... Bd6 28. Nxe6+ Kg8) 28. g6 {Beabsichtigt Dh7+ und Matt.} Bc5 29. Qh7+ Kf8 30. Qh8+ (30. dxc5 $142 {Droht f5 und aus.} Qxc5+ 31. Kh1 Rxg7 32. Qh8+ Rg8 33. Qf6+ Ke8 34. Qf7+ Kd8 35. Qxg8+ Kc7 36. g7) 30... Ke7 31. Be3 (31. dxc5 Bb7 $16) 31... Bd7 $2 (31... Bb7 32. Qh7 Rf8) 32. Qh4+ Kf8 33. Qf6+ Kg8 34. Qf7+ $2 {Precision: Weiß = 48%, Schwarz = 30%.} (34. Nf5 {setzt Matt} exf5 35. Qf7+ Kh8 36. Qh7#) 1-0

[Event "DEN-chT Xtracon 2017-18"]
[Site "Denmark"]
[Date "2017.12.03"]
[Round "3.3"]
[White "Olsen, Filip Boe"]
[Black "Pedersen, Nicolai Vesterbaek"]
[Result "1-0"]
[WhiteElo "2267"]
[BlackElo "2392"]
[Annotator "TA"]
[PlyCount "77"]
[EventDate "2017.??.??"]
[EventType "team-tourn"]
[EventCountry "DEN"]
[SourceTitle "playchess.com"]
[Source "ChessBase"]
[SourceQuality "1"]

{[%evp 19,77,64,61,34,34,37,37,5,8,0,0,-50,-2,-52,-64,-75,-27,-95,-102,-113,-41,-47,-25,-137,-145,-155,-164,-187,-130,-130,-127,-123,-21,-102,-52,-152,-150,-134,0,0,0,0,0,-103,-32,-42,-6,-79,-10,-59,-68,-534,29985,29986,29982,29977,29995,29996,29997,0]} 1. d4 Nf6 2. c4 c5 3. d5 g6 4. Nc3 Bg7 5. e4 d6 6. Nf3 O-O 7. h3 Re8 {E90: King's Indian: Classical: Early deviations and 6 h3} (7... Nbd7 8. Bd3 a6 9. a4 b6 10. O-O e5 11. a5 bxa5 12. Qa4 Rb8 13. Qxa5 Qe7 14. Rb1 Nh5 15. Bg5 f6 16. Bd2 Nf4 {0-1 (43) Matlakov,M (2728)-Aronian,L (2799) Tbilisi 2017}) 8. Bd3 Na6 9. O-O Nc7 10. Be3 e6 {LiveBook: 5 Games} 11. Nd2 $146 ({Predecessor:} 11. Qd2 exd5 12. exd5 b5 13. cxb5 Ncxd5 14. Nxd5 Nxd5 {½-½ (161) Ponkratov,P (2610)-Fedoseev,V (2683) St Petersburg 2015}) 11... Rb8 12. a4 Na6 {[%cal Bc7a6,Ba6b4,Bb4d3][%mdl 32]} 13. Qb3 Nb4 14. Be2 b6 15. f4 Ba6 {...exd5 is the strong threat.} 16. Rfe1 exd5 17. cxd5 Nd3 18. Red1 {[#]} (18. Qd1 $11) 18... c4 $1 $36 {[%mdl 2560] Black is really pushing.} 19. Qa3 {[#]} (19. Nxc4 Bxc4) 19... Nxe4 $1 {[%mdl 512]} 20. Ncxe4 $15 {And now Bxd3 would win.} f5 {[%cal Bf7f5,Bf5e4][%mdl 32]} 21. Nxc4 (21. Bxd3 $1 $11 {was the only way to keep the balance.} cxd3 22. a5 fxe4 23. axb6 Rxb6 24. Kh1) 21... fxe4 $17 22. b3 Bxc4 23. bxc4 Bb2 (23... Qh4 $19 24. Bxd3 exd3 25. Rxd3 Bxa1 26. Qxa1 Re4) 24. Qa2 Bxa1 25. Qxa1 Qc7 (25... Nc5 $17 26. Bxc5 bxc5) 26. Qc3 (26. Bg4 $1 $11) 26... Qg7 27. Qa3 (27. Bd4 $1 $15 Qf7 28. Rf1) 27... Qf6 28. Bg4 h5 ({And not} 28... Nxf4 29. Rf1 $14) (28... Nc5 $1 $17 29. a5 h5) 29. Be6+ $1 $11 Rxe6 30. dxe6 Qxe6 31. Qb3 {[#]} (31. a5 $11 {keeps the balance.}) 31... Rc8 (31... Rf8 $1 $17 32. a5 bxa5) 32. Qb5 Rxc4 {aiming for ...d5.} 33. Qg5 (33. a5 $11 {remains equal.}) 33... Rc8 (33... Rxa4 $17 {Strongly threatening ...Ra5.} 34. f5 Qxf5) 34. Rf1 {Threatens to win with f5.} Rf8 35. Bd4 $2 {[%mdl 8192]} ({White should try} 35. a5 $1 $15) 35... Kh7 $4 {[%mdl 8192] [#]} (35... e3 $19 36. Qh6 {[#]} Rf6 $1 {[%mdl 512]} 37. Bxf6 Qxf6) 36. f5 $1 {[%mdl 512] White mates.} Rxf5 37. Rxf5 Qxf5 38. Qe7+ Kh6 39. Bg7+ {[%mdl 32768] Precision: White = 21%, Black = 38%. . Loss on Time!?} 1-0